Ensiklopedia sejarah Turki : ancaman sekularisme dan proses Islamisasi di Turki Moden :

Bibliographic Details
Main Author: Abdul Rahman Hj Abdullah Prof. Madya, Dr
Other Authors: Title
Format: Book
Published: Selangor : Hijjaz Records Publishing , 2019
Subjects:

MARC

LEADER 00000cam a2200000 7i4500
001 0000087366
005 20230125100927.0
008 220207
020 |a 9789672278115 
041 0 |a Malay 
090 0 0 |a 956.015   |b ABD 
100 0 |a Abdul Rahman Hj Abdullah   |c Prof. Madya, Dr. 
245 1 0 |a Ensiklopedia sejarah Turki :   |b ancaman sekularisme dan proses Islamisasi di Turki Moden :   |b jilid 3   |c Dr. Abdul Rahman Hj Abdullah 
260 |a Selangor :   |b Hijjaz Records Publishing ,   |c 2019 
300 |a 320 p. :   |b ill., col. ;   |c 21 cm. 
541 0 |a Purchased on 2021   |f 1810 AKIZ   |h RM45.90 
650 0 |a Secularism   |z Turkey 
650 0 |a Turkey   |x History 
700 1 |a Title 
999 |a 0001671646   |b Book   |c Adult Collection   |e Perbadanan Perpustakaan Awam Johor 
999 |a 0001671647   |b Book   |c Adult Collection   |e Cawangan Urban Transformation Centre 
999 |a 0001671648   |b Book   |c Adult Collection   |e Cawangan AEON Kulaijaya 
999 |a 0001671812   |b Book   |c Adult Collection   |e Cawangan Bandar Penawar 
999 |a 0001671813   |b Book   |c Adult Collection   |e Cawangan Mersing 
999 |a 0001671814   |b Book   |c Adult Collection   |e Cawangan Taman Sri Lambak 
999 |a 0001671815   |b Book   |c Adult Collection   |e Cawangan Bandar Tenggara 
999 |a 0001671816   |b Book   |c Adult Collection   |e Cawangan Segamat 
999 |a 0001671817   |b Book   |c Adult Collection   |e Cawangan Bukit Gambir 
999 |a 0001671818   |b Book   |c Adult Collection   |e Cawangan Tangkak 
999 |a 0001671819   |b Book   |c Adult Collection   |e Cawangan Muar 
999 |a 0001671820   |b Book   |c Adult Collection   |e Cawangan Kota Tinggi 
999 |a 0001671821   |b Book   |c Adult Collection   |e Cawangan Pontian 
999 |a 0001671822   |b Book   |c Adult Collection   |e Cawangan Batu Pahat 
999 |a 0001671823   |b Book   |c Adult Collection   |e Cawangan Tmn. Ungku Tun Aminah